| 000 | 00735nam a2200205 i 4500 | ||
|---|---|---|---|
| 001 | 154486 | ||
| 003 | ES-MaACL | ||
| 005 | 20250827034935.0 | ||
| 008 | 930104s1894 sp |||| | cat d | ||
| 040 |
_aCAT _bspa _cCAT _dCCPB |
||
| 080 | _a914.671 | ||
| 100 | 1 |
_aGomis i Mestre, Cels. _958207 |
|
| 245 | 1 | 3 |
_aLa Vall de Hostoles / _cper Cels Gomis. |
| 260 |
_aBarcelona : _bLlibrería de D. Álvar Verdaguer, _c1894. |
||
| 300 |
_a31 p. ; _c18 cm. |
||
| 594 | 1 | _aEn parte sup. de la port.: Centre Excursionista de Catalunya. | |
| 710 | 2 |
_aCentre Excursionista de Catalunya _92554 |
|
| 852 |
_aES-MaACL _jT-762-F-6 _z-- Enc. hol., conservando la cub. original _z-- Enc. en un vol. facticio |
||
| 999 |
_c154486 _d154486 |
||